000 00440nam a2200181Ia 4500
001 18806
005 20260306171657.0
008 260306s9999||||xx |||||||||||||| ||und||
041 _aESP
082 _a658.5
_bK79 2008
100 _aKrajewski, Lee J.
_eAUT
245 0 _aAdministración de operaciones:
_bprocesos y cadenas de valor
260 _c2008
300 _a
_c
650 _aGEN
654 _aCAN
942 _cLIB
_dJUS
_fJUS
_2ddc
_n
999 _c18806
_d18806